Formas de países revelando formas de países #1 - Estadísticas

Estadísticas generales
  • Esta prueba ha sido intentada 5.786 veces
  • La puntuación promedio es 19 de 21
Respuestas en el mapa
Las respuestas están codificadas por una escala verde-roja en el mapa de la prueba según el % correcto abajo.
 
Estadísticas de respuestas
Respuesta % Correcto
Australia
99%
Estados Unidos
99%
Francia
96%
India
96%
Reino Unido
96%
Japón
95%
Canadá
94%
Chipre
94%
Brasil
93%
Egipto
93%
Indonesia
93%
Rusia
93%
China
92%
Madagascar
90%
Sudáfrica
90%
Grecia
89%
Somalia
86%
Croacia
84%
Nueva Zelanda
80%
Sri Lanka
77%
Senegal
72%
No se encontraron pruebas coincidentes
Distribución de puntuación
Porcentaje de gente con cada puntuación
Porcentaje por número respondido
Historial de tus puntuaciones
No has intentado esta prueba.